00739 a2200217 450000500170000000800410001702000150005804000510007304100080012410000100013224501050014226000410024730000400028849000140032865000350034265000240037765000210040170000200042270000380044276500410048020180312141946.0131009s1988 sp a br|||| 00| 0 spa d a8426123325 aCO-BoUCMbspacJose A. GerenadDiana Londoño00aspa0 aDerib10aYakari atrapados en la islacDerib ; [ilustraciones de] Job ; traducción de Concepción Zendrera c1988bJuventudaBarcelona (España) a48 páginasbilustraciones a color aYacariv9 7aLibros ilustrados para niños 7aLiteratura infantil 7aLiteratura suiza0 aJobeilustrador1 aZendrera, Concepciónetraductor tYakari et les prisionniers de l´ile